Comunicación y cultura: una perspectiva interdisciplinaria /
Salvato in:
| Autore principale: | |
|---|---|
| Altri autori: | |
| Natura: | Sconosciuto |
| Pubblicazione: |
DEI :
|
| Soggetti: | |
| Tags: |
Aggiungi Tag
Nessun Tag, puoi essere il primo ad aggiungerne!!
|
MARC
| LEADER | 00000 a2200000 04500 | ||
|---|---|---|---|
| 001 | 32107 | ||
| 003 | |||
| 008 | 991231s d | ||
| 040 | |||
| 020 | |a 9977-83-107-6 | ||
| 022 | |a 9977-83-107-6 | ||
| 090 | |a 200103 | ||
| 100 | |a Vega J, Patricia | ||
| 245 | |a Comunicación y cultura: una perspectiva interdisciplinaria / |c Patricia Vega J. | ||
| 260 | |a DEI : | ||
| 300 | |a 162 p. | ||
| 650 | |a ELITE | ||
| 650 | |a CLASE DIRIGENTE | ||
| 650 | |a DISCURSOS | ||
| 650 | |a IDEOLOGIAS | ||
| 650 | |a ANALISIS DE CONTENIDO | ||
| 650 | |a PRENSA | ||
| 650 | |a IDEOLOGIAS POLITICAS | ||
| 650 | |a NEOLIBERALISMO | ||
| 700 | |a | ||
| 700 | |a Carazo B, Carolina | ||
| 700 | |a | ||
| 999 | |c 17589 |d 17589 | ||



